000
00230nam a2200097Ia 4500
008
190216s9999||||xx |||||||||||||| ||und||
100
_a
Sankaran A V
245
0
_a
Prayogika Resathanthram
260
_b
Kerala Basha Inst
942
_c
BK
999
_c
39172
_d
39172